China Eastern Airlines Fleet - Statistics

General Stats
  • This quiz has been taken 51 times
    18 since last reset
  • The average score is 12 of 15
Answer Stats
Number Model % Correct
20 Airbus A350-900
94%
20 Boeing 777-300ER
94%
117 Airbus A320neo
88%
10 Airbus A321neo
88%
30 Airbus A330-200
88%
26 Airbus A330-300
88%
36 Boeing 737-700
88%
101 Boeing 737-800
88%
150 Airbus A320-200
82%
4 Boeing 737 MAX 8
82%
32 Airbus A319-100
76%
75 Airbus A321-200
76%
4 Boeing 787-9
76%
10 Comac C919
59%
26 Comac C909
53%
No matching quizzes found
Score Distribution
Percent of People with Each Score
Percentile by Number Answered
Your Score History
You have not taken this quiz since the last reset